[Event "St Veit op"]
[Site "St Veit"]
[Date "2008.07.12"]
[Round "8"]
[White "Zivanovic, Vladimir"]
[Black "Jurkovic, Hrvoje"]
[Result "0-1"]
[WhiteElo "2125"]
[BlackElo "2443"]
[PlyCount "80"]
[EventDate "2008.07.05"]
[EventType "swiss"]
[EventRounds "9"]
[EventCountry "AUT"]
[SourceTitle "CBM 125 Extra"]
[Source "ChessBase"]
[SourceDate "2008.09.01"]
[SourceVersion "1"]
[SourceVersionDate "2008.09.01"]
[SourceQuality "1"]

1. Nf3 d5 2. d4 Nc6 3. c4 Bg4 4. cxd5 Bxf3 5. gxf3 Qxd5 6. e3 e5 7. Nc3 Bb4 8. Bd2 Bxc3 9. bxc3 Qd6 10. Bg2 Nge7 11. Rb1 b6 12. 0-0 0-0 13. Kh1 f5 14. Rg1 Kh8 15. Qe2 Rad8 16. Rbd1 Qe6 17. Bc1 Ng6 18. dxe5 Ncxe5 19. f4 Ng4 20. Bf3 Nh4 21. Rxd8 Rxd8 22. Bxg4 fxg4 23. Qxg4 Qe4+ 24. f3 Qxf3+ 25. Qxf3 Nxf3 26. Rf1 Nh4 27. c4 Kg8 28. c5 Rd3 29. cxb6 axb6 30. Kg1 Kf7 31. Kf2 Rc3 32. f5 Nxf5 33. Ke2 Ke6 34. Kd2 Rc4 35. Kd3 Rh4 36. Rf2 g6 37. Rc2 Kd7 38. Re2 c5 39. e4 Rh3+ 40. Kc4 Kc6 0-1

[Event "St Veit op"]
[Site "St Veit"]
[Date "2008.07.08"]
[Round "4"]
[White "Zivanovic, Vladimir"]
[Black "Lang, Karl"]
[Result "1-0"]
[WhiteElo "2125"]
[BlackElo "2060"]
[PlyCount "31"]
[EventDate "2008.07.05"]
[EventType "swiss"]
[EventRounds "9"]
[EventCountry "AUT"]
[SourceTitle "CBM 125 Extra"]
[Source "ChessBase"]
[SourceDate "2008.09.01"]
[SourceVersion "1"]
[SourceVersionDate "2008.09.01"]
[SourceQuality "1"]

1. e4 e5 2. Nc3 Nc6 3. f4 d6 4. Nf3 Bg4 5. Be2 Nf6 6. 0-0 Be7 7. d3 0-0 8. Be3 exf4 9. Bxf4 Bxf3 10. Rxf3 Nd4 11. Rh3 Ne6 12. Bd2 c6 13. Qe1 Qb6+ 14. Kh1 Qxb2 15. Rb1 Qxc2 16. Bd1 1-0

[Event "Latschach op 22nd"]
[Site "Latschach"]
[Date "2006.08.19"]
[Round "9"]
[White "Zivanovic, Vladimir"]
[Black "Sanzani, Pierluigi"]
[Result "1-0"]
[WhiteElo "2086"]
[BlackElo "1892"]
[PlyCount "30"]
[EventDate "2006.08.12"]
[EventType "swiss"]
[EventRounds "9"]
[EventCountry "AUT"]
[SourceTitle "CBM 113 Extra"]
[Source "ChessBase"]
[SourceDate "2006.09.14"]
[SourceVersion "1"]
[SourceVersionDate "2006.09.14"]
[SourceQuality "1"]

1. d4 g6 2. e4 Bg7 3. Nc3 d6 4. f4 c5 5. dxc5 Bxc3+ 6. bxc3 dxc5 7. Qxd8+ Kxd8 8. Bc4 e6 9. Be3 b6 10. 0-0-0+ Ke7 11. f5 Bb7 12. fxe6 fxe6 13. Bg5+ Kf7 14. Nh3 Bxe4 15. Rhf1+ Bf5 1-0

[Event "Latschach op 22nd"]
[Site "Latschach"]
[Date "2006.08.16"]
[Round "6"]
[White "Reihenbacher, Gerhard"]
[Black "Zivanovic, Vladimir"]
[Result "1-0"]
[WhiteElo "1914"]
[BlackElo "2086"]
[PlyCount "58"]
[EventDate "2006.08.12"]
[EventType "swiss"]
[EventRounds "9"]
[EventCountry "AUT"]
[SourceTitle "CBM 113 Extra"]
[Source "ChessBase"]
[SourceDate "2006.09.14"]
[SourceVersion "1"]
[SourceVersionDate "2006.09.14"]
[SourceQuality "1"]

1. Nf3 Nf6 2. c4 g6 3. Nc3 Bg7 4. e4 d6 5. d4 0-0 6. Be2 Nbd7 7. 0-0 e5 8. Re1 c6 9. d5 c5 10. Bf1 h6 11. h3 Ne8 12. g3 f5 13. Nh4 Qf6 14. exf5 gxf5 15. Qh5 Kh7 16. g4 Qf7 17. Qxf5+ Qxf5 18. Nxf5 Nb6 19. Bd3 Bxf5 20. Bxf5+ Rxf5 21. gxf5 Nxc4 22. b3 e4 23. Nxe4 Bxa1 24. bxc4 Be5 25. Bd2 Kg7 26. Bc3 Bxc3 27. Nxc3 Kf6 28. Re6+ Kxf5 29. Nb5 h5 1-0

[Event "Latschach op 22nd"]
[Site "Latschach"]
[Date "2006.08.13"]
[Round "2"]
[White "Mencinger, Vojko"]
[Black "Zivanovic, Vladimir"]
[Result "1-0"]
[WhiteElo "2371"]
[BlackElo "2086"]
[PlyCount "93"]
[EventDate "2006.08.12"]
[EventType "swiss"]
[EventRounds "9"]
[EventCountry "AUT"]
[SourceTitle "CBM 113 Extra"]
[Source "ChessBase"]
[SourceDate "2006.09.14"]
[SourceVersion "1"]
[SourceVersionDate "2006.09.14"]
[SourceQuality "1"]

1. e4 e6 2. d4 d5 3. Nc3 Bb4 4. e5 Ne7 5. a3 Bxc3+ 6. bxc3 c5 7. a4 Qa5 8. Bd2 Nbc6 9. Nf3 Bd7 10. Bb5 c4 11. Ng5 h6 12. Nh3 Nb8 13. Bxd7+ Nxd7 14. Nf4 0-0-0 15. 0-0 g6 16. Qc1 Nf5 17. Rd1 Kb8 18. Qa3 h5 19. Nh3 Nf8 20. Bg5 Rd7 21. Bf6 Rg8 22. Ng5 Qc7 23. Rab1 Qc8 24. Rb5 Rc7 25. Rdb1 Ka8 26. h3 Nd7 27. Nf3 Nxf6 28. exf6 g5 29. Ne5 g4 30. hxg4 hxg4 31. g3 Rd8 32. Qb4 Nd6 33. Ra5 Ne4 34. Qb6 a6 35. Qb4 Rd6 36. Rc5 Nxc5 37. dxc5 Rd8 38. c6 bxc6 39. Qa5 Rd6 40. Rb6 Ra7 41. Qc5 Qc7 42. Nxc6 Rd8 43. Qa5 Rd6 44. Rb8+ Qxb8 45. Nxb8 Rb7 46. Nxa6 Ra7 47. Nc7+ 1-0

[Event "St Veit op 25th"]
[Site "St Veit"]
[Date "2006.07.11"]
[Round "4"]
[White "Zivanovic, Vladimir"]
[Black "Djurkovic, Maks"]
[Result "0-1"]
[WhiteElo "2086"]
[BlackElo "2199"]
[PlyCount "76"]
[EventDate "2006.07.08"]
[EventType "swiss"]
[EventRounds "9"]
[EventCountry "AUT"]
[SourceTitle "CBM 113 Extra"]
[Source "ChessBase"]
[SourceDate "2006.09.14"]
[SourceVersion "1"]
[SourceVersionDate "2006.09.14"]
[SourceQuality "1"]

1. d4 d6 2. Nf3 g6 3. Bg5 Bg7 4. e3 c5 5. c3 Qb6 6. Qb3 Be6 7. c4 h6 8. Bf4 g5 9. Bg3 g4 10. Nfd2 cxd4 11. exd4 Bxd4 12. Nc3 Nf6 13. Nb5 Bc5 14. Qc3 a6 15. b4 axb5 16. bxc5 Qxc5 17. Ne4 Nxe4 18. Qxh8+ Kd7 19. Qb2 bxc4 20. Qxb7+ Kd8 21. Qxe4 Qa5+ 22. Kd1 Nd7 23. Bf4 Nc5 24. Qc2 Na4 25. Rc1 Bf5 26. Qd2 c3 27. Qd4 c2+ 28. Ke2 Nc3+ 29. Ke3 Nd5+ 30. Ke2 e5 31. Bxe5 dxe5 32. Qd2 Qxa2 33. Ke1 Ra3 34. h3 g3 35. fxg3 Rxg3 36. Kf2 Rc3 37. Be2 Ke7 38. Rhe1 Qa7+ 0-1

[Event "Villach Admira 60 op"]
[Site "Villach"]
[Date "2006.02.15"]
[Round "6"]
[White "Zivanovic, Vladimir"]
[Black "Reichmann, Egon"]
[Result "1/2-1/2"]
[WhiteElo "2086"]
[BlackElo "2328"]
[PlyCount "98"]
[EventDate "2006.02.11"]
[EventType "swiss"]
[EventRounds "9"]
[EventCountry "AUT"]
[SourceTitle "CBM 110 Extra"]
[Source "ChessBase"]
[SourceDate "2006.03.10"]
[SourceVersion "2"]
[SourceVersionDate "2006.03.10"]
[SourceQuality "1"]

1. d4 Nf6 2. Nf3 e6 3. e3 c5 4. Bd3 b6 5. 0-0 Bb7 6. Nbd2 Be7 7. b3 0-0 8. Bb2 Nc6 9. c4 cxd4 10. exd4 d5 11. Rc1 Rc8 12. Re1 Re8 13. Bb1 Bf8 14. a3 dxc4 15. bxc4 g6 16. Ne4 Nxe4 17. Bxe4 Bg7 18. Ne5 Bxe5 19. dxe5 Qxd1 20. Rexd1 Red8 21. Bxc6 Bxc6 22. Rd6 Ba4 23. Bd4 Re8 24. Be3 Re7 25. Bg5 Rec7 26. Bf6 Bb3 27. c5 bxc5 28. f4 Bd5 29. Rd8+ Rxd8 30. Bxd8 Rc8 31. Ba5 c4 32. Rc3 Rb8 33. Bb4 Rb5 34. Rc2 a5 35. Bd2 Rb1+ 36. Bc1 Kg7 37. Rc3 a4 38. g4 h5 39. g5 Kf8 40. h4 Ke7 41. Kf2 Kd7 42. Ke3 Ra1 43. Rc2 Kc6 44. Kd4 Rb1 45. Rc3 Rb5 46. Rc2 Rb1 47. Rc3 Kd7 48. Rc2 Kc7 49. Rc3 Kc6 1/2-1/2

[Event "Villach Admira 60 op"]
[Site "Villach"]
[Date "2006.02.14"]
[Round "5"]
[White "Frank, Paul"]
[Black "Zivanovic, Vladimir"]
[Result "1/2-1/2"]
[WhiteElo "2132"]
[BlackElo "2086"]
[PlyCount "73"]
[EventDate "2006.02.11"]
[EventType "swiss"]
[EventRounds "9"]
[EventCountry "AUT"]
[SourceTitle "CBM 110 Extra"]
[Source "ChessBase"]
[SourceDate "2006.03.10"]
[SourceVersion "2"]
[SourceVersionDate "2006.03.10"]
[SourceQuality "1"]

1. d4 Nf6 2. Nf3 g6 3. g3 Bg7 4. Bg2 0-0 5. 0-0 d6 6. c4 Bf5 7. Nc3 Ne4 8. Nd2 Nxc3 9. bxc3 Qc8 10. Re1 Bh3 11. Bh1 e5 12. Nf3 Nc6 13. Ba3 Qg4 14. Rb1 Rab8 15. c5 dxc5 16. Bxc5 Rfd8 17. Qa4 exd4 18. cxd4 Nxd4 19. Nxd4 Bxd4 20. Rb4 b5 21. Qc2 a5 22. Bf3 axb4 23. Bxg4 Bxg4 24. Bxd4 Rxd4 25. Qxc7 Rbd8 26. f3 Be6 27. Qa5 Bc4 28. Kf2 Rd2 29. g4 R8d5 30. Kg3 Rxa2 31. Qxb4 Rdd2 32. h4 h6 33. g5 h5 34. e4 Rd3 35. Kf4 Raa3 36. Ke5 Ra8 37. Kf4 1/2-1/2

[Event "Villach Admira 60 op"]
[Site "Villach"]
[Date "2006.02.13"]
[Round "4"]
[White "Zivanovic, Vladimir"]
[Black "Prohaska, Paul"]
[Result "1-0"]
[WhiteElo "2086"]
[BlackElo "2023"]
[PlyCount "67"]
[EventDate "2006.02.11"]
[EventType "swiss"]
[EventRounds "9"]
[EventCountry "AUT"]
[SourceTitle "CBM 110 Extra"]
[Source "ChessBase"]
[SourceDate "2006.03.10"]
[SourceVersion "2"]
[SourceVersionDate "2006.03.10"]
[SourceQuality "1"]

1. d4 Nf6 2. Nf3 d5 3. e3 c5 4. b3 cxd4 5. exd4 e6 6. Bd3 Bd6 7. Nbd2 0-0 8. Bb2 Nc6 9. a3 Re8 10. Ne5 Qb6 11. Ndf3 h6 12. 0-0 Bd7 13. Qe2 Re7 14. Kh1 Be8 15. Rg1 Rc8 16. g4 Ne4 17. Raf1 f6 18. Nxc6 Bxc6 19. Nh4 Be8 20. f3 Ng5 21. Kg2 Bb8 22. Ng6 Rf7 23. h4 Qd6 24. f4 Ne4 25. Kh3 f5 26. Ne5 Rf8 27. gxf5 Rxf5 28. Rg2 Qe7 29. Rfg1 g5 30. fxg5 hxg5 31. Bxe4 dxe4 32. Rxg5+ Rxg5 33. Rxg5+ Kf8 34. Qf2+ 1-0